000 00746nam a2200217 i 4500
001 bg
100 1 _aWRZOCHALSKA, Agnieszka
245 1 0 _aWybrane problemy życia społecznego wsi /
_cAgnieszka Wrzochalska.
260 _aWarszawa :
_bIERiGŻ,
_c2002.
300 _a30, [1] s. ;
_c20 cm.
490 1 _aKomunikaty. Raporty. Ekspertyzy,
_x0239-8591 ;
_v475
504 _aBibliogr.
650 9 _aWieś
_xkultura
_zPolska
_yod 1989 r.
830 _aKomunikaty. Raporty. Ekspertyzy,
_x0239-8591 ;
040 _cBPK
041 0 _apl
080 _a008(438-22)"1989/..."
942 _cKS
008 s pl f |000 0 pol
999 _c35679
_d35679
856 _uhttp://koha.tu.koszalin.pl/cgi-bin/koha/opac-detail.pl?biblionumber=35679
_yKatalog online BPK